Argentina world cup 1986 - Statistics

General Stats
  • This quiz has been taken 8 times
  • The average score is 10 of 21
Answer Stats
Position Answer % Correct
Midfielder Diego Maradona
100%
Defender Daniel Passarella
86%
Forward Jorge Valdano
86%
Defender Óscar Ruggeri
86%
Defender José Luis Brown
71%
Goalkeeper Nery Pumpido
71%
Midfielder Jorge Burruchaga
57%
Midfielder Héctor Enrique
43%
Midfielder Ricardo Giusti
43%
Midfielder Sergio Batista
43%
Midfielder Carlos Tapia
29%
Midfielder Claudio Borghi
29%
Defender José Luis Cuciuffo
29%
Midfielder Julio Olarticoechea
29%
Goalkeeper Luis Islas
29%
Defender Néstor Clausen
29%
Defender Oscar Garré
29%
Forward Pedro Pasculli
29%
Midfielder Ricardo Bochini
29%
Forward Sergio Almirón
29%
Midfielder Marcelo Trobbiani
14%
No matching quizzes found
Score Distribution
Percent of People with Each Score
Percentile by Number Answered
Your Score History
You have not taken this quiz